| 000 | 00988nam0a22002651 4500 | ||
|---|---|---|---|
| 001 | rc\2869532 | ||
| 005 | 20250529211426.0 | ||
| 035 | _a(NLR Aleph) 007022992 | ||
| 090 |
_a5927400 _c5927400 |
||
| 100 | _a20110713d1932 |||y0rusy50 ca | ||
| 101 | 1 |
_arus _cswe |
|
| 102 | _aRU | ||
| 105 | _aa g ||||| | ||
| 200 | 1 |
_aСправочник по лесоэкспорту _eПер. с швед. справочника "Edbergs trävarubok" _fК.В. Эдберг _gПод ред. Ю. Брандта, И. Гамерова, Цельникера |
|
| 210 |
_aМосква _cВнешторгиздат _d1932 _g"Мосполиграф", 13 тип. |
||
| 215 |
_aОбл., 178, [2] с., включ. тит. л. _cил. _d21×15 см |
||
| 700 | 1 |
_aЭдберг _bК.В. |
|
| 702 | 1 |
_aБрандт _bЮ. _4340 |
|
| 702 | 1 |
_aГамеров _bИ. _4340 |
|
| 702 | 1 |
_aЦельникер _4340 |
|
| 801 | 0 |
_aRU _bNLR _gpsbo |
|
| 801 | 1 |
_aRU _bELAR _2rusmarc |
|
| 852 |
_aNLR _j32-3/929 |
||
| 942 | _cBOOK | ||
| 980 | _aNB | ||